| 000 | 00000nam##2200000za#4500 |
| 001 | 9.648234 |
| 003 | CaOODSP |
| 005 | 20210615113008 |
| 007 | ta |
| 008 | 150407|2001||||xxc||||| f|0| 0 eng|d |
| 020 | |a0-662-30721-6 |
| 040 | |aCaOODSP|beng |
| 043 | |an-cn--- |
| 086 | 1 |aE94-314/2001E |
| 110 | 1 |aCanada.|bCanadian International Development Agency. |
| 245 | 10|aCIDA's action plan on child protection : |bpromoting the rights of children who need special protection measures |
| 260 | |aOttawa - Ontario : |bCanadian International Development Agency |c2001. |
| 300 | |a46p. : |billus. ; |c28 cm. |
| 563 | |aSoftcover |
| 590 | |a01-28|b2001-07-13 |
| 690 | 07|aChildren's rights|2gcpds |
| 690 | 07|aAdvocacy|2gcpds |
| 690 | 07|aChild poverty|2gcpds |
| 775 | 08|tPlan d'action de l'ACDI pour la protection des enfants : |w(CaOODSP)9.681542 |
| 776 | 0#|tCIDA's action plan on child protection : |w(CaOODSP)9.695813 |